Paisajes peruanos (Registro nro. 21807)
[ vista simple ]
| 000 -Cabecera | |
|---|---|
| Campo de control interno | 00840nam a2200265Ia 4500 |
| 005 - Fecha y hora del registro | |
| control field | 20260320113314.0 |
| 008 - Elementos de Longitud Fija | |
| fixed length control field | 260320s9999||||xx |||||||||||||| ||und|| |
| 020 ## - ISBN | |
| ISBN | 9786124496219 |
| 041 ## - Idioma | |
| Codigo Idioma | ESP |
| 082 ## - DEWEY y NOTACIÓN INTERNA | |
| Dewey | 869.56038 |
| Notación Interna | R68 |
| 100 ## - AUTOR | |
| Autor denominación | Riva-Agüero, José de la, |
| Término de relación | autor |
| 245 #0 - TÍTULO DE MATERIAL BIBLIOGRÁFICO | |
| Título | Paisajes peruanos |
| Título paralelo | |
| 246 ## - TÍTULO TRADUCIDO | |
| Título | |
| Título paralelo | |
| Autor | |
| 250 ## - EDICIÓN | |
| Edición | Primera edición |
| 260 ## - CIUDAD, EDITORIAL, AÑO | |
| Ciudad | Lima : |
| Nombre de la Editorial | Pontificia Universidad Católica del Perú. Instituto Riva-Agüero, |
| Año | 2024 |
| 300 ## - DESCRIPCIÓN | |
| N° Páginas | 470 páginas : |
| Otros detalles | ilustraciones ; |
| Dimensiones | 23 cm. |
| Material Adicional | |
| 440 ## - MENCIÓN DE SERIE | |
| Título de la Serie | |
| Número de Serie | |
| Volumen de Serie | |
| 650 ## - TEMAS | |
| Temas | Literatura |
| 653 ## - DESCRIPTORES | |
| Lenguajes no controlado | Literatura peruana |
| 654 ## - PROGRAMAS | |
| Programa | Dpto. de Humanidades |
| 700 ## - OTROS AUTORES | |
| Otros autores | Wiesse Rebagliati, Jorge, |
| Títulos y otras palabras asociadas con el nombre | editor |
| 856 ## - URL - UBICACIÓN | |
| URI/URL: Enlace exacto del recurso | <a href="https://research-ebsco-com.ucsp.lookproxy.com/plink/3423fbbb-1a16-3238-9d51-eec1e50507f7">https://research-ebsco-com.ucsp.lookproxy.com/plink/3423fbbb-1a16-3238-9d51-eec1e50507f7</a> |
| Nota pública: Versión digital | <a href="Versión digital (2022)">Versión digital (2022)</a> |
| 942 ## - ELEMENTOS DE KOHA | |
| Tipo de documento | Libro |
| Nombre del creador | Justo Noguera |
| Código de catalogador | Margarita Torres |
| Esquema de clasificación | Dewey Decimal Classification |
| Suppress in OPAC | |
| Codigo completo | Registro | Colección | Copia número | Disponibilidad | Tipo de préstamo | Biblioteca Actual | Procedencia (Biblioteca) | Ubicacón | Fecha Ingreso | Tipo de Adquisición | Date last seen | Total checkouts | Price effective from | Tipo de Item | Estado del Material | Fuente de Clasificación | Damaged status | Withdrawn status |
|---|---|---|---|---|---|---|---|---|---|---|---|---|---|---|---|---|---|---|
| 869.56038 R68 | 1085367 | Universidad Católica San Pablo | 1 | Disponible | Disponible | Víctor Andrés Belaunde | Víctor Andrés Belaunde | Planta baja abierta | 08/04/2026 | Donación | 08/04/2026 | 08/04/2026 | Libro | Bueno | Dewey Decimal Classification |




